Потери золота при работе драгой

Bibliographische Detailangaben
1. Verfasser: Барбот де Марни Н. П. Николай Павлович
Zusammenfassung:Текств русской дореформенной орфографии
Sprache:Russisch
Veröffentlicht: [Б. м.], [Б. и.], [Б. г.]
Schlagworte:
Format: Buch
KOHA link:https://koha.lib.tpu.ru/cgi-bin/koha/opac-detail.pl?biblionumber=358536

MARC

LEADER 00000nam0a2200000 4500
001 358536
005 20231102011113.0
035 |a (RuTPU)RU\TPU\retro\15806 
090 |a 358536 
100 |a 20200818u m y0rusy50 ca 
101 0 |a rus 
102 |a RU 
105 |a y z 000zy 
200 1 |a Потери золота при работе драгой  |f Н. П. Барбот де Марни 
210 |a [Б. м.]  |c [Б. и.]  |d [Б. г.] 
215 |a 12 с. 
300 |a Текств русской дореформенной орфографии 
606 1 |a Золотоносные пески  |x Промывка  |2 stltpush  |3 (RuTPU)RU\TPU\subj\11876  |9 38755 
610 1 |a золото 
610 1 |a золотоносные россыпи 
610 1 |a промывочные устрйства 
610 1 |a драги 
610 1 |a потери 
610 1 |a оттиски 
610 1 |a коллекция Л. Л. Тове 
675 |a 622.271.6  |v 4 
700 1 |a Барбот де Марни  |b Н. П.  |c горный инженер  |c профессор Горного Института в СПб.  |f 1829-1877  |g Николай Павлович  |2 stltpush  |3 (RuTPU)RU\TPU\pers\22906  |9 9846 
801 1 |a RU  |b 63413507  |c 20200818 
801 2 |a RU  |b 63413507  |c 20201021  |g RCR 
942 |c BK